The calculus of observations; (Record no. 543707)
[ view plain ]
| 000 -LEADER | |
|---|---|
| fixed length control field | 00586cam a2200181u 4500 |
| 082 ## - DEWEY DECIMAL CLASSIFICATION NUMBER | |
| Classification number | 515 |
| Author Mark | WHI |
| -- | L-TECH , P-14 |
| 100 1# - MAIN ENTRY--PERSONAL NAME | |
| Personal name | Whittaker, E. T. |
| 9 (RLIN) | 39177 |
| 245 14 - TITLE STATEMENT | |
| Title | The calculus of observations; |
| 250 ## - EDITION STATEMENT | |
| Edition statement | 2d ed. |
| 260 ## - PUBLICATION, DISTRIBUTION, ETC. | |
| Place of publication, distribution, etc. | London and Glasgow, |
| Name of publisher, distributor, etc. | Blackie & son limited, |
| Date of publication, distribution, etc. | 1929. |
| 300 ## - PHYSICAL DESCRIPTION | |
| Extent | xvi, 395 p. |
| Other physical details | fold. tables, diagrs. |
| Dimensions | 23 cm. |
| 526 ## - STUDY PROGRAM INFORMATION NOTE | |
| Program name | 0 |
| Interest level | 0 |
| Reading level | 0 |
| Title point value | 515_000000000000000_WHI |
| 526 ## - STUDY PROGRAM INFORMATION NOTE | |
| Program name | 0 |
| Interest level | 0 |
| Reading level | 0 |
| Title point value | 515_000000000000000_WHI |
| 650 #0 - SUBJECT ADDED ENTRY--TOPICAL TERM | |
| Topical term or geographic name entry element | MCE |
| 9 (RLIN) | 379 |
| 650 #0 - SUBJECT ADDED ENTRY--TOPICAL TERM | |
| Topical term or geographic name entry element | Numerical calculations. |
| 9 (RLIN) | 35599 |
| 700 1# - ADDED ENTRY--PERSONAL NAME | |
| Personal name | Robinson, George, [from old catalog] |
| 9 (RLIN) | 39178 |
| 942 ## - ADDED ENTRY ELEMENTS (KOHA) | |
| Source of classification or shelving scheme | |
| Koha item type | Book |
| Withdrawn status | Lost status | Source of classification or shelving scheme | Damaged status | Not for loan | Permanent Location | Current Location | Date acquired | Total Checkouts | Full call number | Barcode | Date last seen | Price effective from | Koha item type |
|---|---|---|---|---|---|---|---|---|---|---|---|---|---|
| Military College of Engineering (MCE) | Military College of Engineering (MCE) | 03/31/2014 | 515 WHI | MCE-40024 | 03/31/2014 | 03/31/2014 | Book | ||||||
| Military College of Engineering (MCE) | Military College of Engineering (MCE) | 03/31/2014 | 515 WHI | MCE-40211 | 03/31/2014 | 03/31/2014 | Book |
